[Event "Ruhrgebiet Verbandsklasse Gruppe 1 1617"]
[Site "Germany"]
[Date "2016.11.27"]
[Round "4.1"]
[White "Soehnchen, Andreas"]
[Black "Doering, Carsten"]
[Result "1/2-1/2"]
[WhiteElo "2136"]
[BlackElo "1975"]
[PlyCount "43"]
[EventDate "2016.09.04"]
[EventType "team-tourn"]
[EventRounds "9"]
[EventCountry "GER"]
[SourceTitle "EXT 2022"]
[Source "ChessBase"]
[SourceDate "2021.10.06"]
[SourceVersion "1"]
[SourceVersionDate "2021.10.06"]
[SourceQuality "1"]
[WhiteTeam "Oberhausen SV III"]
[BlackTeam "Hervest Dorsten"]
[WhiteTeamCountry "GER"]
[BlackTeamCountry "GER"]

1. d4 Nf6 2. c4 g6 3. Nc3 Bg7 4. e4 d6 5. h3 0-0 6. Bg5 c5 7. d5 h6 8. Be3 e6 9. Bd3 exd5 10. exd5 Re8 11. Nf3 Nh5 12. Qd2 Bd4 13. 0-0-0 Bxe3 14. fxe3 Qf6 15. Ne4 Rxe4 16. Bxe4 Ng3 17. Bd3 Nxh1 18. Rxh1 Nd7 19. Rf1 Ne5 20. Qc3 Nxd3+ 21. Qxd3 Bd7 22. Nd2 1/2-1/2

[Event "Ruhrgebiet Verbandsklasse Gruppe 1 1415"]
[Site "Germany"]
[Date "2014.11.16"]
[Round "3.1"]
[White "Doering, Carsten"]
[Black "Kunisch, Siegfried"]
[Result "0-1"]
[WhiteElo "1962"]
[BlackElo "2019"]
[PlyCount "56"]
[EventDate "2014.09.21"]
[EventType "team-tourn"]
[EventRounds "9"]
[EventCountry "GER"]
[SourceTitle "EXT 2022"]
[Source "ChessBase"]
[SourceDate "2021.10.06"]
[SourceVersion "1"]
[SourceVersionDate "2021.10.06"]
[SourceQuality "1"]
[WhiteTeam "Hervest Dorsten"]
[BlackTeam "Essen Listiger Bauer"]
[WhiteTeamCountry "GER"]
[BlackTeamCountry "GER"]

1. d4 Nf6 2. c4 c5 3. d5 e5 4. Nc3 d6 5. e4 g6 6. Nf3 Bg7 7. Be2 0-0 8. 0-0 Ne8 9. Ne1 f5 10. Nd3 Qe7 11. Rb1 Nf6 12. f3 Na6 13. a3 f4 14. b4 b6 15. Bd2 g5 16. Nf2 Bd7 17. Nb5 Rf7 18. Qa4 Nc7 19. bxc5 bxc5 20. Qa5 Nxb5 21. cxb5 Bc8 22. Rb3 Bf8 23. Rfb1 Rg7 24. b6 Qb7 25. Qc3 axb6 26. Rxb6 Qa7 27. Nd3 Nd7 28. R6b3 c4+ 0-1

[Event "NRW Verbandsklasse Group3 1314"]
[Site "Nordrheinwestfalen"]
[Date "2014.02.16"]
[Round "7"]
[White "Doering, Carsten"]
[Black "Friedrich, Patrick"]
[Result "0-1"]
[WhiteElo "1973"]
[BlackElo "1944"]
[PlyCount "76"]
[EventDate "2013.09.08"]
[EventType "team-tourn"]
[EventRounds "9"]
[EventCountry "GER"]
[SourceTitle "EXT 2020"]
[Source "ChessBase"]
[SourceDate "2019.10.17"]
[SourceVersion "1"]
[SourceVersionDate "2019.10.17"]
[SourceQuality "1"]
[WhiteTeam "Hervest Dorsten"]
[BlackTeam "Weisse Dame Borbeck II"]
[WhiteTeamCountry "GER"]
[BlackTeamCountry "GER"]

1. d4 Nf6 2. c4 e6 3. g3 Bb4+ 4. Bd2 Qe7 5. Bg2 0-0 6. Qb3 Bxd2+ 7. Nxd2 Nc6 8. Ngf3 d6 9. 0-0 e5 10. d5 Nb8 11. e4 Nbd7 12. Qc2 a5 13. b3 Nc5 14. Ne1 g5 15. Nd3 Nxd3 16. Qxd3 Kg7 17. Rfc1 b6 18. Nf1 Rg8 19. a3 h5 20. b4 axb4 21. axb4 Bd7 22. Ra3 Rxa3 23. Qxa3 h4 24. Qa7 Qd8 25. c5 bxc5 26. bxc5 Qb8 27. Qa3 hxg3 28. Nxg3 Rh8 29. cxd6 cxd6 30. Nf1 Nh5 31. Ne3 Nf4 32. Bf1 Rh6 33. Nc4 Qh8 34. Qg3 Bh3 35. Rc3 Qa8 36. Ra3 Qb8 37. Qb3 Qc8 38. Ne3 Qc1 0-1

[Event "Ruhrgebiet VK1 0910"]
[Site "Ruhrgebiet"]
[Date "2009.11.08"]
[Round "3.1"]
[White "Nissen, Claus"]
[Black "Doering, Carsten"]
[Result "1-0"]
[WhiteElo "2171"]
[BlackElo "2120"]
[PlyCount "67"]
[EventDate "2009.09.06"]
[EventType "team"]
[EventRounds "9"]
[EventCountry "GER"]
[SourceTitle "EXT 2011"]
[Source "ChessBase"]
[SourceDate "2010.11.26"]
[SourceVersion "1"]
[SourceVersionDate "2010.11.26"]
[SourceQuality "1"]
[WhiteTeam "Essen Ueberruhr II"]
[BlackTeam "Hervest Dorsten"]
[WhiteTeamCountry "GER"]
[BlackTeamCountry "GER"]

1. e4 c5 2. Nf3 d6 3. d3 Nc6 4. g3 g6 5. Bg2 Bg7 6. 0-0 e6 7. c3 Nge7 8. d4 cxd4 9. cxd4 0-0 10. Nc3 a6 11. Be3 b5 12. Rc1 Bb7 13. h4 Rc8 14. h5 Na5 15. hxg6 hxg6 16. Ng5 Qd7 17. Qg4 Rfd8 18. Qh4 f6 19. Qh7+ Kf8 20. d5 fxg5 21. Bh3 Rxc3 22. Rxc3 Bxd5 23. exd5 Nxd5 24. Rd3 Qf7 25. Rxd5 exd5 26. Bb6 Re8 27. Bxa5 Re2 28. Bb4 Ke7 29. b3 Rxa2 30. Kh1 d4 31. Rc1 Kf6 32. Re1 Qd5+ 33. Kg1 d3 34. Bc3+ 1-0

[Event "Goch op 16th"]
[Site "Goch"]
[Date "2005.10.03"]
[Round "6"]
[White "Doering, Carsten"]
[Black "Buettner, Ulrich"]
[Result "1/2-1/2"]
[WhiteElo "1962"]
[BlackElo "1882"]
[PlyCount "43"]
[EventDate "2005.09.30"]
[EventType "swiss"]
[EventRounds "7"]
[EventCountry "GER"]
[SourceTitle "EXT 2007"]
[Source "ChessBase"]
[SourceDate "2006.11.23"]
[SourceVersion "1"]
[SourceVersionDate "2006.11.23"]
[SourceQuality "1"]

1. d4 d5 2. c4 e6 3. Nc3 c5 4. cxd5 exd5 5. dxc5 Nf6 6. Be3 Nc6 7. Nf3 Qa5 8. Qa4 Qxa4 9. Nxa4 Nb4 10. Nd4 Bd7 11. a3 Na6 12. Nc3 Bxc5 13. b4 Bb6 14. Rc1 Rc8 15. Ncb5 Rxc1+ 16. Bxc1 0-0 17. f3 Nxb4 18. axb4 a6 19. e3 axb5 20. Nxb5 Ra8 21. Nd4 Ra1 22. Kd2 1/2-1/2

[Event "Goch op 16th"]
[Site "Goch"]
[Date "2005.09.30"]
[Round "1"]
[White "Becker, Marcel"]
[Black "Doering, Carsten"]
[Result "1-0"]
[WhiteElo "2313"]
[BlackElo "1962"]
[PlyCount "43"]
[EventDate "2005.09.30"]
[EventType "swiss"]
[EventRounds "7"]
[EventCountry "GER"]
[SourceTitle "EXT 2007"]
[Source "ChessBase"]
[SourceDate "2006.11.23"]
[SourceVersion "1"]
[SourceVersionDate "2006.11.23"]
[SourceQuality "1"]

1. d4 Nf6 2. c4 g6 3. Nc3 Bg7 4. e4 d6 5. Nf3 0-0 6. h3 e5 7. d5 a5 8. Bg5 h6 9. Be3 Na6 10. Qd2 h5 11. Bd3 Qe8 12. 0-0-0 Nh7 13. g4 hxg4 14. hxg4 Bxg4 15. Be2 Nf6 16. Bh6 Bh5 17. Nh4 Bxe2 18. Bxg7 Nh5 19. Qh6 f6 20. Bxf8 Bxd1 21. Nxg6 Qd7 22. Nxd1 1-0

[Event "Ruhrgebiet VK2 0405"]
[Site "Ruhrgebiet"]
[Date "2005.01.09"]
[Round "5.1"]
[White "Doering, Carsten"]
[Black "Crede, Dietmar"]
[Result "0-1"]
[WhiteElo "1943"]
[BlackElo "2056"]
[PlyCount "80"]
[EventDate "2004.09.12"]
[EventType "team"]
[EventRounds "9"]
[EventCountry "GER"]
[SourceTitle "EXT 2006"]
[Source "ChessBase"]
[SourceDate "2005.11.24"]
[SourceVersion "1"]
[SourceVersionDate "2005.11.24"]
[SourceQuality "1"]
[WhiteTeam "Hervest Dorsten"]
[BlackTeam "Witten"]
[WhiteTeamCountry "GER"]
[BlackTeamCountry "GER"]

1. d4 Nf6 2. c4 e6 3. Nc3 d5 4. cxd5 exd5 5. Bg5 Be7 6. e3 0-0 7. Bd3 Nbd7 8. Qc2 c6 9. Nf3 Re8 10. 0-0 Nf8 11. Rab1 a5 12. a3 Ng6 13. b4 axb4 14. axb4 Ne4 15. Bxe7 Qxe7 16. b5 Bg4 17. Bxe4 dxe4 18. Nd2 f5 19. bxc6 bxc6 20. h3 Bh5 21. Ra1 Nh4 22. g3 Nf3+ 23. Nxf3 exf3 24. Qb3+ Kh8 25. Rab1 h6 26. Qb6 Qd6 27. Kh2 Ra1 28. Rxa1 Qe6 29. Qb4 Kh7 30. Ra6 f4 31. d5 fxg3+ 32. fxg3 Qe5 33. Rxc6 Rb8 34. Qa3 Qf5 35. Rxh6+ gxh6 36. Qd6 Qf6 37. Qxb8 Qxc3 38. Qf4 Kg6 39. Qd6+ Kh7 40. g4 Qe1 0-1

[Event "Duisburg Grossenbaum op"]
[Site "Duisburg"]
[Date "2004.05.30"]
[Round "5"]
[White "Doering, Carsten"]
[Black "Kienitz, Andre"]
[Result "1-0"]
[WhiteElo "1959"]
[BlackElo "2235"]
[PlyCount "63"]
[EventDate "2004.05.28"]
[EventType "swiss"]
[EventRounds "7"]
[EventCountry "GER"]
[SourceTitle "EXT 2006"]
[Source "ChessBase"]
[SourceDate "2005.11.24"]
[SourceVersion "1"]
[SourceVersionDate "2005.11.24"]
[SourceQuality "1"]

1. d4 d5 2. c4 e6 3. Nc3 c5 4. cxd5 exd5 5. dxc5 d4 6. Na4 b5 7. cxb6 axb6 8. b3 Nf6 9. e3 Nc6 10. Bb5 Qd5 11. Qe2 Bb4+ 12. Kf1 Ra5 13. exd4+ Be7 14. Bc4 Qxd4 15. Bb2 Qd8 16. Rc1 0-0 17. Nf3 Bf5 18. Kg1 Re8 19. Bxf7+ Kxf7 20. Qc4+ Rd5 21. Bxf6 Kxf6 22. Qxc6+ Rd6 23. Qc3+ Kf7 24. h3 Kg8 25. Kh2 b5 26. Nc5 Qc7 27. g3 Rc6 28. b4 Bf6 29. Qb3+ Kh8 30. Rhe1 Rd8 31. Rcd1 Rxd1 32. Re8# 1-0

[Event "Duisburg Grossenbaum op"]
[Site "Duisburg"]
[Date "2004.05.29"]
[Round "2"]
[White "Thomas, Ingo"]
[Black "Doering, Carsten"]
[Result "1/2-1/2"]
[WhiteElo "2163"]
[BlackElo "1959"]
[PlyCount "94"]
[EventDate "2004.05.28"]
[EventType "swiss"]
[EventRounds "7"]
[EventCountry "GER"]
[SourceTitle "EXT 2006"]
[Source "ChessBase"]
[SourceDate "2005.11.24"]
[SourceVersion "1"]
[SourceVersionDate "2005.11.24"]
[SourceQuality "1"]

1. d4 Nf6 2. c4 g6 3. Nc3 Bg7 4. e4 d6 5. Nf3 0-0 6. Be2 e5 7. 0-0 Nc6 8. d5 Ne7 9. b4 Nh5 10. Re1 f5 11. Ng5 Nf6 12. Bf3 f4 13. a4 h6 14. Ne6 Bxe6 15. dxe6 a5 16. bxa5 Rxa5 17. Ba3 b6 18. Nd5 Nfxd5 19. cxd5 Qa8 20. Bb4 Ra7 21. Re2 Qb7 22. Rea2 Rfa8 23. Qc2 Bf8 24. Be2 Kg7 25. Bb5 Qc8 26. Bd7 Qd8 27. a5 bxa5 28. Rxa5 Qb8 29. h3 Ng8 30. Rb1 Qb6 31. Rxa7 Rxa7 32. Bc3 Qa6 33. Qb2 Nf6 34. Bb5 Qb6 35. Bd3 Qc5 36. Rc1 Qa3 37. Qd2 Be7 38. Bb1 Rb7 39. Bc2 Ra7 40. Bb4 Qa6 41. Qd3 c5 42. dxc6 Qxc6 43. Rd1 Ne8 44. Bb1 Ra4 45. Qd2 Qc4 46. Bc3 Qxe6 47. Qxf4 Nf6 1/2-1/2